Formal languages and automata theory (Record no. 195129)

MARC details
000 -LEADER
fixed length control field 00475nam a2200169Ia 4500
005 - DATE AND TIME OF LATEST TRANSACTION
control field 20250421143210.0
008 - FIXED-LENGTH DATA ELEMENTS--GENERAL INFORMATION
fixed length control field 231217s9999 xx 000 0 und d
020 ## - INTERNATIONAL STANDARD BOOK NUMBER
International Standard Book Number 9788123922843
082 ## - DEWEY DECIMAL CLASSIFICATION NUMBER
Classification number 001.6424 ANU;1 R
100 ## - MAIN ENTRY--PERSONAL NAME
Personal name Anuradha, K. Vijayalata, Y.
245 #0 - TITLE STATEMENT
Title Formal languages and automata theory
250 ## - EDITION STATEMENT
Edition statement 1st ed.
260 ## - PUBLICATION, DISTRIBUTION, ETC. (IMPRINT)
Date of publication, distribution, etc. 2013
Name of publisher, distributor, etc. CBS Publishers and Distributors
Place of publication, distribution, etc. New Delhi
300 ## - PHYSICAL DESCRIPTION
Extent xi, 368
650 ## - SUBJECT ADDED ENTRY--TOPICAL TERM
Topical term or geographic name as entry element Formal,languages,automata
942 ## - ADDED ENTRY ELEMENTS (KOHA)
Koha item type Books
Holdings
Date last seen Total Checkouts Total Renewals Full call number Accession number Old discount Date checked out Price effective from Category Lost status Damaged status Department Withdrawn status bill date Permanent Location Current Location Shelving location Entry date Grants Currency symbol Conversion rate Discount Discount type Public note
26/01/2024     001.6424 ANU;2 R1 89023     26/01/2024 Books     Central Library     Central Library Central Library Central Library 08/07/2014 DONATED RS 1   Rupees Donated by CBS Publishers
26/01/2024     001.6424 ANU;3 89262     26/01/2024 Books     Central Library     Central Library Central Library Central Library 04/08/2014 DONATED RS 1   Rupees Donated by MCA Dept
25/05/2026 1 1 001.6424 ANU;1 R 86017   26/08/2024 26/01/2024 Books     Central Library   27/11/2020 Central Library RFID Kiosk Central Library 24/05/2013 DONATED RS 1   Rupees  

© For any Suggestions or Query, please contact the library staff @ librarian@pes.edu or Phone: +9180 2672 1983/ 2108.